[Event "RUS-ch Blitz 2021"]
[Site "Sochi"]
[Date "2021.10.11"]
[Round "3.5"]
[White "Riazantsev, Alexander"]
[Black "Tsydypov, Zhamsaran"]
[Result "0-1"]
[WhiteElo "2634"]
[BlackElo "2526"]
[Annotator "ChessBase"]
[PlyCount "76"]
[EventDate "2021.10.11"]
[EventType "blitz"]
[EventCountry "RUS"]
[SourceTitle "playchess.com"]
[Source "ChessBase"]
[SourceQuality "1"]
[TimeControl "180+2"]

1. d4 {[%emt 0:00:00]} Nf6 {[%emt 0:00:00]} 2. Nf3 {[%emt 0:00:00]} e6 {
[%emt 0:00:00]} 3. c4 {[%emt 0:00:00]} d5 {[%emt 0:00:00]} 4. Bg5 {[%emt 0:00:
08]} Nbd7 {[%emt 0:00:23]} 5. e3 {[%emt 0:00:02]} Bb4+ {[%emt 0:00:17]} 6. Nbd2
{[%emt 0:00:13]} h6 {[%emt 0:00:00]} 7. Bh4 {[%emt 0:00:00]} O-O {[%emt 0:00:
17]} 8. a3 {[%emt 0:00:00]} Be7 {[%emt 0:00:10]} 9. Rc1 {[%emt 0:00:00]} dxc4 {
[%emt 0:00:08]} 10. Nxc4 {[%emt 0:00:14]} c5 {[%emt 0:00:11]} 11. Be2 {[%emt 0:
00:04]} b6 {[%emt 0:00:00]} 12. O-O {[%emt 0:00:16]} Bb7 {[%emt 0:00:07]} 13.
h3 {[%emt 0:00:00]} Rc8 {[%emt 0:00:09]} 14. Bg3 {[%emt 0:00:27]} Ne4 {[%emt 0:
00:01]} 15. Bh2 {[%emt 0:00:00]} b5 {[%emt 0:00:35]} 16. Ncd2 {[%emt 0:00:06]}
Nxd2 {[%emt 0:00:12]} 17. Qxd2 {[%emt 0:00:06]} c4 {[%emt 0:00:00]} 18. a4 {
[%emt 0:00:31]} a6 {[%emt 0:00:01]} 19. axb5 {[%emt 0:00:00]} axb5 {[%emt 0:00:
00]} 20. b3 {[%emt 0:00:00]} cxb3 {[%emt 0:00:43]} 21. Bxb5 {[%emt 0:00:00]}
Bxf3 {[%emt 0:00:06]} 22. gxf3 {[%emt 0:00:12]} Rxc1 {[%emt 0:00:19]} 23. Rxc1
{[%emt 0:00:00]} Ba3 {[%emt 0:00:00]} 24. Ba4 {[%emt 0:00:57]} Bxc1 {[%emt 0:
00:00]} 25. Qxc1 {[%emt 0:00:00]} Qb6 {[%emt 0:00:01]} 26. Qb2 {[%emt 0:00:12]}
Nf6 {[%emt 0:00:06]} 27. Qxb3 {[%emt 0:00:02]} Qa5 {[%emt 0:00:02]} 28. Kg2 {
[%emt 0:00:02]} Qg5+ {[%emt 0:00:00]} 29. Bg3 {[%emt 0:00:00]} Nh5 {[%emt 0:00:
10]} 30. h4 {[%emt 0:00:02]} Qg6 {[%emt 0:00:00]} 31. Qc2 {[%emt 0:00:00]} Qf6
{[%emt 0:00:00]} 32. Bd6 {[%emt 0:00:08]} Rd8 {[%emt 0:00:04]} 33. Qc7 {
[%emt 0:00:03]} Ra8 {[%emt 0:00:00]} 34. Bc6 {[%emt 0:00:04]} Qg6+ {[%emt 0:00:
06]} 35. Bg3 {[%emt 0:00:13]} Ra2 {[%emt 0:00:00]} 36. Be4 {[%emt 0:00:07]} f5
{[%emt 0:00:00]} 37. Bd3 {[%emt 0:00:03]} Rd2 {[%emt 0:00:00]} 38. Qc3 {
[%emt 0:00:03]} Qxg3+ {[%emt 0:00:00]} 0-1

[Event "RUS-ch Blitz 2021"]
[Site "Sochi"]
[Date "2021.10.11"]
[Round "3.6"]
[White "Moiseenko, Vadim"]
[Black "Grachev, Boris"]
[Result "1/2-1/2"]
[WhiteElo "2542"]
[BlackElo "2615"]
[Annotator "ChessBase"]
[PlyCount "78"]
[EventDate "2021.10.11"]
[EventType "blitz"]
[EventCountry "RUS"]
[SourceTitle "playchess.com"]
[Source "ChessBase"]
[SourceQuality "1"]
[TimeControl "180+2"]

1. Nf3 {[%emt 0:00:00]} d5 {[%emt 0:00:00]} 2. c4 {[%emt 0:00:00]} e6 {[%emt 0:
00:05]} 3. g3 {[%emt 0:00:02]} Nf6 {[%emt 0:00:05]} 4. Bg2 {[%emt 0:00:01]} Be7
{[%emt 0:00:00]} 5. O-O {[%emt 0:00:00]} O-O {[%emt 0:00:02]} 6. b3 {[%emt 0:
00:05]} b6 {[%emt 0:00:00]} 7. Bb2 {[%emt 0:00:09]} Bb7 {[%emt 0:00:00]} 8. e3
{[%emt 0:00:00]} c5 {[%emt 0:00:05]} 9. Qe2 {[%emt 0:00:05]} dxc4 {[%emt 0:00:
10]} 10. bxc4 {[%emt 0:00:08]} Nc6 {[%emt 0:00:00]} 11. d3 {[%emt 0:00:04]} a6
{[%emt 0:00:12]} 12. Nc3 {[%emt 0:00:03]} Qc7 {[%emt 0:00:16]} 13. Rfd1 {
[%emt 0:00:00]} Rac8 {[%emt 0:00:06]} 14. Rab1 {[%emt 0:00:00]} Rfd8 {[%emt 0:
00:17]} 15. Ba1 {[%emt 0:00:02]} Ba8 {[%emt 0:00:01]} 16. Rd2 {[%emt 0:00:40]}
h6 {[%emt 0:00:12]} 17. h3 {[%emt 0:00:10]} Na7 {[%emt 0:00:15]} 18. g4 {
[%emt 0:00:21]} Rb8 {[%emt 0:00:21]} 19. Rc1 {[%emt 0:00:39]} Nc6 {[%emt 0:00:
02]} 20. Na4 {[%emt 0:00:06]} Nd7 {[%emt 0:00:03]} 21. d4 {[%emt 0:00:26]} cxd4
{[%emt 0:00:38]} 22. exd4 {[%emt 0:00:00]} b5 {[%emt 0:00:01]} 23. cxb5 {
[%emt 0:00:02]} axb5 {[%emt 0:00:00]} 24. d5 {[%emt 0:00:04]} exd5 {[%emt 0:00:
21]} 25. Nc3 {[%emt 0:00:00]} Nf6 {[%emt 0:00:08]} 26. Nxb5 {[%emt 0:00:00]}
Qa5 {[%emt 0:00:02]} 27. Nbd4 {[%emt 0:00:02]} Nxd4 {[%emt 0:00:14]} 28. Nxd4 {
[%emt 0:00:06]} Bb4 {[%emt 0:00:00]} 29. Rdc2 {[%emt 0:00:04]} Re8 {[%emt 0:00:
07]} 30. Qd3 {[%emt 0:00:00]} Qa3 {[%emt 0:00:06]} 31. Nb3 {[%emt 0:00:20]} Ne4
{[%emt 0:00:05]} 32. Qd4 {[%emt 0:00:08]} Bf8 {[%emt 0:00:00]} 33. Rd1 {
[%emt 0:00:15]} Qb4 {[%emt 0:00:00]} 34. Qd3 {[%emt 0:00:02]} Qb5 {[%emt 0:00:
00]} 35. Qf3 {[%emt 0:00:00]} Ng5 {[%emt 0:00:08]} 36. Qg3 {[%emt 0:00:01]} Qb6
{[%emt 0:00:05]} 37. Nd4 {[%emt 0:00:00]} Ne4 {[%emt 0:00:02]} 38. Qf3 {
[%emt 0:00:08]} Ng5 {[%emt 0:00:00]} 39. Qg3 {[%emt 0:00:03]} Ne4 {[%emt 0:00:
00]} 1/2-1/2

[Event "RUS-ch Blitz 2021"]
[Site "Sochi"]
[Date "2021.10.11"]
[Round "3.7"]
[White "Alekseev, Evgeny"]
[Black "Matinian, Nikita"]
[Result "1-0"]
[WhiteElo "2602"]
[BlackElo "2454"]
[Annotator "ChessBase"]
[PlyCount "57"]
[EventDate "2021.10.11"]
[EventType "blitz"]
[EventCountry "RUS"]
[SourceTitle "playchess.com"]
[Source "ChessBase"]
[SourceQuality "1"]
[TimeControl "180+2"]

1. e4 {[%emt 0:00:04]} e5 {[%emt 0:00:00]} 2. Nf3 {[%emt 0:00:00]} Nc6 {
[%emt 0:00:00]} 3. Bc4 {[%emt 0:00:03]} Nf6 {[%emt 0:00:01]} 4. d3 {[%emt 0:00:
00]} Bc5 {[%emt 0:00:00]} 5. O-O {[%emt 0:00:02]} d6 {[%emt 0:00:02]} 6. c3 {
[%emt 0:00:05]} Bb6 {[%emt 0:00:02]} 7. Bb3 {[%emt 0:00:03]} Ne7 {[%emt 0:00:
11]} 8. Nbd2 {[%emt 0:00:09]} Ng6 {[%emt 0:00:00]} 9. Nc4 {[%emt 0:00:01]} O-O
{[%emt 0:00:05]} 10. h3 {[%emt 0:00:13]} Be6 {[%emt 0:00:08]} 11. a4 {[%emt 0:
00:04]} c6 {[%emt 0:00:04]} 12. Nxb6 {[%emt 0:00:03]} Bxb3 {[%emt 0:00:27]} 13.
Qxb3 {[%emt 0:00:01]} Qxb6 {[%emt 0:00:11]} 14. Qc2 {[%emt 0:00:10]} d5 {
[%emt 0:00:03]} 15. Bg5 {[%emt 0:00:13]} Nh5 {[%emt 0:00:32]} 16. Rfe1 {
[%emt 0:00:00]} Rae8 {[%emt 0:00:09]} 17. Be3 {[%emt 0:00:16]} Qc7 {[%emt 0:00:
00]} 18. Bc5 {[%emt 0:00:00]} Ne7 {[%emt 0:00:02]} 19. exd5 {[%emt 0:00:07]}
cxd5 {[%emt 0:00:02]} 20. Rxe5 {[%emt 0:00:07]} Qxc5 {[%emt 0:00:13]} 21. Rxh5
{[%emt 0:00:00]} f5 {[%emt 0:00:05]} 22. Ng5 {[%emt 0:00:25]} Ng6 {[%emt 0:00:
14]} 23. d4 {[%emt 0:00:18]} Qd6 {[%emt 0:00:14]} 24. Nxh7 {[%emt 0:00:07]} Nf4
{[%emt 0:00:30]} 25. Nxf8 {[%emt 0:00:05]} Nxh5 {[%emt 0:00:02]} 26. Qxf5 {
[%emt 0:00:02]} Nf4 {[%emt 0:00:03]} 27. Nd7 {[%emt 0:00:18]} Re2 {[%emt 0:00:
29]} 28. Ne5 {[%emt 0:00:07]} Rxb2 {[%emt 0:00:00]} 29. Qxf4 {[%emt 0:00:02]}
1-0

[Event "RUS-ch Blitz 2021"]
[Site "Sochi"]
[Date "2021.10.11"]
[Round "3.9"]
[White "Kobalia, Mikhail"]
[Black "Khanin, Semen"]
[Result "1-0"]
[WhiteElo "2600"]
[BlackElo "2521"]
[Annotator "ChessBase"]
[PlyCount "105"]
[EventDate "2021.10.11"]
[EventType "blitz"]
[EventCountry "RUS"]
[SourceTitle "playchess.com"]
[Source "ChessBase"]
[SourceQuality "1"]
[TimeControl "180+2"]

1. e4 {[%emt 0:00:00]} e5 {[%emt 0:00:04]} 2. Nf3 {[%emt 0:00:02]} Nc6 {
[%emt 0:00:03]} 3. Bb5 {[%emt 0:00:00]} a6 {[%emt 0:00:03]} 4. Ba4 {[%emt 0:00:
01]} d6 {[%emt 0:00:00]} 5. O-O {[%emt 0:00:00]} Bd7 {[%emt 0:00:03]} 6. Re1 {
[%emt 0:00:10]} g5 {[%emt 0:00:06]} 7. Bxc6 {[%emt 0:00:26]} bxc6 {[%emt 0:00:
29]} 8. d4 {[%emt 0:00:00]} g4 {[%emt 0:00:00]} 9. Nfd2 {[%emt 0:00:00]} Bg7 {
[%emt 0:00:34]} 10. dxe5 {[%emt 0:00:00]} Bxe5 {[%emt 0:00:21]} 11. Nc4 {
[%emt 0:00:00]} Qf6 {[%emt 0:00:22]} 12. Nxe5 {[%emt 0:00:01]} dxe5 {[%emt 0:
00:06]} 13. Be3 {[%emt 0:00:11]} Ne7 {[%emt 0:00:00]} 14. Bc5 {[%emt 0:00:00]}
h5 {[%emt 0:00:02]} 15. Nc3 {[%emt 0:00:14]} h4 {[%emt 0:00:00]} 16. Qd3 {
[%emt 0:00:00]} Be6 {[%emt 0:00:22]} 17. Rad1 {[%emt 0:00:14]} Ng6 {[%emt 0:00:
00]} 18. Ne2 {[%emt 0:00:12]} g3 {[%emt 0:00:17]} 19. fxg3 {[%emt 0:00:06]}
hxg3 {[%emt 0:00:00]} 20. Qxg3 {[%emt 0:00:05]} Nf4 {[%emt 0:00:23]} 21. Nxf4 {
[%emt 0:00:29]} exf4 {[%emt 0:00:03]} 22. Qf3 {[%emt 0:00:00]} Qh4 {[%emt 0:00:
01]} 23. h3 {[%emt 0:00:04]} Rg8 {[%emt 0:00:00]} 24. e5 {[%emt 0:00:12]} Bd5 {
[%emt 0:00:00]} 25. Re4 {[%emt 0:00:24]} Rg3 {[%emt 0:00:08]} 26. Rxf4 {
[%emt 0:00:12]} Bxf3 {[%emt 0:00:17]} 27. Rxh4 {[%emt 0:00:00]} Rxg2+ {[%emt 0:
00:00]} 28. Kf1 {[%emt 0:00:06]} Bxd1 {[%emt 0:00:00]} 29. Kxg2 {[%emt 0:00:13]
} O-O-O {[%emt 0:00:00]} 30. Rf4 {[%emt 0:00:13]} Rd2+ {[%emt 0:00:02]} 31. Rf2
{[%emt 0:00:16]} Rxf2+ {[%emt 0:00:08]} 32. Kxf2 {[%emt 0:00:00]} Bxc2 {
[%emt 0:00:00]} 33. Ke3 {[%emt 0:00:00]} Kd7 {[%emt 0:00:03]} 34. Kf4 {[%emt 0:
00:11]} Ke6 {[%emt 0:00:00]} 35. a3 {[%emt 0:00:00]} f6 {[%emt 0:00:02]} 36.
exf6 {[%emt 0:00:02]} Kxf6 {[%emt 0:00:02]} 37. Bd4+ {[%emt 0:00:00]} Ke6 {
[%emt 0:00:04]} 38. Be5 {[%emt 0:00:00]} c5 {[%emt 0:00:03]} 39. Bxc7 {[%emt 0:
00:00]} c4 {[%emt 0:00:03]} 40. Be5 {[%emt 0:00:03]} Bd3 {[%emt 0:00:03]} 41.
Bc3 {[%emt 0:00:00]} Bc2 {[%emt 0:00:00]} 42. Ke3 {[%emt 0:00:11]} Kd5 {
[%emt 0:00:00]} 43. h4 {[%emt 0:00:00]} Bb1 {[%emt 0:00:00]} 44. h5 {[%emt 0:
00:00]} Bc2 {[%emt 0:00:03]} 45. Kf4 {[%emt 0:00:05]} Ke6 {[%emt 0:00:00]} 46.
Be1 {[%emt 0:00:00]} Bb1 {[%emt 0:00:00]} 47. Ke3 {[%emt 0:00:00]} Kd5 {
[%emt 0:00:04]} 48. Kd2 {[%emt 0:00:02]} a5 {[%emt 0:00:15]} 49. a4 {[%emt 0:
00:00]} Bf5 {[%emt 0:00:00]} 50. Ke3 {[%emt 0:00:00]} Bd7 {[%emt 0:00:00]} 51.
h6 {[%emt 0:00:09]} Bf5 {[%emt 0:00:00]} 52. Bxa5 {[%emt 0:00:00]} Bc2 {
[%emt 0:00:01]} 53. Bc3 {[%emt 0:00:00]} 1-0

[Event "RUS-ch Blitz 2021"]
[Site "Sochi"]
[Date "2021.10.11"]
[Round "3.10"]
[White "Belozerov, Andrei"]
[Black "Kokarev, Dmitry"]
[Result "1/2-1/2"]
[WhiteElo "2476"]
[BlackElo "2579"]
[Annotator "ChessBase"]
[PlyCount "33"]
[EventDate "2021.10.11"]
[EventType "blitz"]
[EventCountry "RUS"]
[SourceTitle "playchess.com"]
[Source "ChessBase"]
[SourceQuality "1"]
[TimeControl "180+2"]

1. e4 {[%emt 0:00:04]} c5 {[%emt 0:00:00]} 2. Nf3 {[%emt 0:00:00]} d6 {[%emt 0:
00:00]} 3. Bb5+ {[%emt 0:00:04]} Bd7 {[%emt 0:00:01]} 4. Bxd7+ {[%emt 0:00:00]}
Qxd7 {[%emt 0:00:00]} 5. c4 {[%emt 0:00:00]} Nf6 {[%emt 0:00:06]} 6. Nc3 {
[%emt 0:00:00]} Nc6 {[%emt 0:00:00]} 7. d4 {[%emt 0:00:10]} cxd4 {[%emt 0:00:
04]} 8. Nxd4 {[%emt 0:00:00]} Qg4 {[%emt 0:00:00]} 9. Qxg4 {[%emt 0:00:53]}
Nxg4 {[%emt 0:00:03]} 10. Nxc6 {[%emt 0:00:07]} bxc6 {[%emt 0:00:00]} 11. Bf4 {
[%emt 0:00:04]} g6 {[%emt 0:00:25]} 12. h3 {[%emt 0:00:19]} Bh6 {[%emt 0:00:26]
} 13. Bxh6 {[%emt 0:00:07]} Nxh6 {[%emt 0:00:00]} 14. O-O-O {[%emt 0:00:07]} f6
{[%emt 0:00:04]} 15. c5 {[%emt 0:00:16]} Nf7 {[%emt 0:00:00]} 16. cxd6 {
[%emt 0:00:08]} exd6 {[%emt 0:00:06]} 17. Rd4 {[%emt 0:00:00]} 1/2-1/2

[Event "RUS-ch Blitz 2021"]
[Site "Sochi"]
[Date "2021.10.11"]
[Round "3.11"]
[White "Zakaryan, David"]
[Black "Pridorozhni, Aleksei"]
[Result "1/2-1/2"]
[WhiteElo "2283"]
[BlackElo "2564"]
[Annotator "ChessBase"]
[PlyCount "105"]
[EventDate "2021.10.11"]
[EventType "blitz"]
[EventCountry "RUS"]
[SourceTitle "playchess.com"]
[Source "ChessBase"]
[SourceQuality "1"]
[TimeControl "180+2"]

1. d4 {[%emt 0:00:00]} d6 {[%emt 0:00:09]} 2. e4 {[%emt 0:00:03]} Nf6 {[%emt 0:
00:00]} 3. Nc3 {[%emt 0:00:00]} e5 {[%emt 0:00:00]} 4. Nf3 {[%emt 0:00:00]}
Nbd7 {[%emt 0:00:00]} 5. Rg1 {[%emt 0:00:00]} g6 {[%emt 0:00:12]} 6. g4 {
[%emt 0:00:06]} Bg7 {[%emt 0:00:02]} 7. Be3 {[%emt 0:00:02]} O-O {[%emt 0:00:
09]} 8. d5 {[%emt 0:00:09]} Nc5 {[%emt 0:00:07]} 9. Nd2 {[%emt 0:00:09]} a5 {
[%emt 0:00:22]} 10. Be2 {[%emt 0:00:00]} b6 {[%emt 0:00:00]} 11. h4 {[%emt 0:
00:23]} Bb7 {[%emt 0:00:10]} 12. g5 {[%emt 0:00:07]} Ne8 {[%emt 0:00:03]} 13.
Nc4 {[%emt 0:00:00]} c6 {[%emt 0:00:13]} 14. Bxc5 {[%emt 0:00:17]} dxc5 {
[%emt 0:00:08]} 15. a4 {[%emt 0:00:09]} f5 {[%emt 0:00:31]} 16. dxc6 {[%emt 0:
00:25]} Bxc6 {[%emt 0:00:00]} 17. Qxd8 {[%emt 0:00:01]} Rxd8 {[%emt 0:00:00]}
18. exf5 {[%emt 0:00:04]} gxf5 {[%emt 0:00:05]} 19. Nxb6 {[%emt 0:00:00]} Nd6 {
[%emt 0:00:16]} 20. O-O-O {[%emt 0:00:11]} e4 {[%emt 0:00:00]} 21. Nc4 {
[%emt 0:00:00]} Nxc4 {[%emt 0:00:08]} 22. Bxc4+ {[%emt 0:00:00]} Kh8 {[%emt 0:
00:00]} 23. Nb5 {[%emt 0:00:35]} Be5 {[%emt 0:00:05]} 24. c3 {[%emt 0:00:08]}
Kg7 {[%emt 0:00:14]} 25. Kc2 {[%emt 0:00:02]} f4 {[%emt 0:00:14]} 26. h5 {
[%emt 0:00:08]} f3 {[%emt 0:00:18]} 27. g6 {[%emt 0:00:38]} Bf4 {[%emt 0:00:12]
} 28. gxh7+ {[%emt 0:00:00]} Kxh7 {[%emt 0:00:00]} 29. Rxd8 {[%emt 0:00:10]}
Rxd8 {[%emt 0:00:00]} 30. Rd1 {[%emt 0:00:02]} Rxd1 {[%emt 0:00:10]} 31. Kxd1 {
[%emt 0:00:00]} Kh6 {[%emt 0:00:03]} 32. b3 {[%emt 0:00:08]} Kxh5 {[%emt 0:00:
00]} 33. Na7 {[%emt 0:00:02]} Bb7 {[%emt 0:00:01]} 34. Bb5 {[%emt 0:00:02]} Be5
{[%emt 0:00:12]} 35. Kc2 {[%emt 0:00:07]} Kg4 {[%emt 0:00:00]} 36. Nc6 {
[%emt 0:00:01]} Bc7 {[%emt 0:00:05]} 37. Ne7 {[%emt 0:00:00]} Bd6 {[%emt 0:00:
02]} 38. Nc6 {[%emt 0:00:06]} Kh3 {[%emt 0:00:00]} 39. Kd2 {[%emt 0:00:02]} Kg2
{[%emt 0:00:01]} 40. Ke1 {[%emt 0:00:02]} Bxc6 {[%emt 0:00:03]} 41. Bxc6 {
[%emt 0:00:01]} e3 {[%emt 0:00:02]} 42. fxe3 {[%emt 0:00:02]} Be5 {[%emt 0:00:
00]} 43. Kd2 {[%emt 0:00:00]} Kg3 {[%emt 0:00:04]} 44. Bb5 {[%emt 0:00:05]} f2
{[%emt 0:00:00]} 45. Bf1 {[%emt 0:00:02]} Kf3 {[%emt 0:00:02]} 46. b4 {[%emt 0:
00:01]} cxb4 {[%emt 0:00:00]} 47. cxb4 {[%emt 0:00:02]} axb4 {[%emt 0:00:00]}
48. a5 {[%emt 0:00:00]} Bb8 {[%emt 0:00:06]} 49. Kc2 {[%emt 0:00:00]} Kxe3 {
[%emt 0:00:00]} 50. Kb3 {[%emt 0:00:00]} Bd6 {[%emt 0:00:00]} 51. a6 {[%emt 0:
00:04]} Bc5 {[%emt 0:00:00]} 52. a7 {[%emt 0:00:00]} Bxa7 {[%emt 0:00:00]} 53.
Kxb4 {[%emt 0:00:00]} 1/2-1/2

[Event "RUS-ch Blitz 2021"]
[Site "Sochi"]
[Date "2021.10.11"]
[Round "3.12"]
[White "Antipov, Mikhail Al."]
[Black "Shubin, Kirill"]
[Result "1/2-1/2"]
[WhiteElo "2619"]
[BlackElo "2463"]
[Annotator "ChessBase"]
[PlyCount "91"]
[EventDate "2021.10.11"]
[EventType "blitz"]
[EventCountry "RUS"]
[SourceTitle "playchess.com"]
[Source "ChessBase"]
[SourceQuality "1"]
[TimeControl "180+2"]

1. e4 {[%emt 0:00:00]} e6 {[%emt 0:00:00]} 2. d4 {[%emt 0:00:05]} d5 {[%emt 0:
00:02]} 3. e5 {[%emt 0:00:00]} c5 {[%emt 0:00:00]} 4. c3 {[%emt 0:00:00]} Qa5 {
[%emt 0:00:06]} 5. Nf3 {[%emt 0:00:22]} Nc6 {[%emt 0:00:00]} 6. Bd3 {[%emt 0:
00:13]} cxd4 {[%emt 0:00:08]} 7. O-O {[%emt 0:00:00]} Bd7 {[%emt 0:00:02]} 8.
a3 {[%emt 0:00:19]} dxc3 {[%emt 0:00:16]} 9. Nxc3 {[%emt 0:00:00]} Rc8 {
[%emt 0:00:08]} 10. Bg5 {[%emt 0:00:18]} a6 {[%emt 0:00:20]} 11. b4 {[%emt 0:
00:04]} Qc7 {[%emt 0:00:00]} 12. Rc1 {[%emt 0:00:05]} h6 {[%emt 0:00:14]} 13.
Bf4 {[%emt 0:00:05]} b5 {[%emt 0:00:28]} 14. a4 {[%emt 0:00:21]} Bxb4 {[%emt 0:
00:28]} 15. axb5 {[%emt 0:00:07]} axb5 {[%emt 0:00:00]} 16. Nxb5 {[%emt 0:00:
25]} Qd8 {[%emt 0:00:13]} 17. Qb3 {[%emt 0:00:31]} Nge7 {[%emt 0:00:13]} 18.
Bd2 {[%emt 0:00:24]} Bxd2 {[%emt 0:00:00]} 19. Nd6+ {[%emt 0:00:03]} Kf8 {
[%emt 0:00:01]} 20. Nxd2 {[%emt 0:00:05]} Rb8 {[%emt 0:00:00]} 21. Qc3 {
[%emt 0:00:04]} g6 {[%emt 0:00:11]} 22. Nb3 {[%emt 0:00:04]} Kg7 {[%emt 0:00:
24]} 23. Nc5 {[%emt 0:00:00]} Bc8 {[%emt 0:00:05]} 24. Rfe1 {[%emt 0:00:06]}
Qa5 {[%emt 0:00:09]} 25. Qc2 {[%emt 0:00:08]} Nd4 {[%emt 0:00:10]} 26. Qd1 {
[%emt 0:00:00]} Nec6 {[%emt 0:00:00]} 27. Qg4 {[%emt 0:00:03]} Rb2 {[%emt 0:00:
03]} 28. Qf4 {[%emt 0:00:03]} Rf8 {[%emt 0:00:06]} 29. h4 {[%emt 0:00:00]} Qd8
{[%emt 0:00:04]} 30. Rcd1 {[%emt 0:00:05]} Qe7 {[%emt 0:00:07]} 31. Bf1 {
[%emt 0:00:00]} Nb3 {[%emt 0:00:03]} 32. Nd3 {[%emt 0:00:00]} Ra2 {[%emt 0:00:
02]} 33. Qg3 {[%emt 0:00:02]} Nbd4 {[%emt 0:00:00]} 34. Nf4 {[%emt 0:00:06]}
Kh7 {[%emt 0:00:00]} 35. Qd3 {[%emt 0:00:02]} Nf5 {[%emt 0:00:00]} 36. h5 {
[%emt 0:00:02]} Qg5 {[%emt 0:00:00]} 37. hxg6+ {[%emt 0:00:00]} fxg6 {[%emt 0:
00:07]} 38. Nh3 {[%emt 0:00:00]} Qh4 {[%emt 0:00:00]} 39. Nxf5 {[%emt 0:00:06]}
Rxf5 {[%emt 0:00:00]} 40. Rc1 {[%emt 0:00:01]} Bd7 {[%emt 0:00:07]} 41. Qb5 {
[%emt 0:00:00]} Rfxf2 {[%emt 0:00:01]} 42. Nxf2 {[%emt 0:00:03]} Qxf2+ {
[%emt 0:00:03]} 43. Kh1 {[%emt 0:00:01]} Qh4+ {[%emt 0:00:01]} 44. Kg1 {
[%emt 0:00:01]} Qf2+ {[%emt 0:00:03]} 45. Kh1 {[%emt 0:00:00]} Qh4+ {[%emt 0:
00:03]} 46. Kg1 {[%emt 0:00:01]} 1/2-1/2

[Event "RUS-ch Blitz 2021"]
[Site "Sochi"]
[Date "2021.10.11"]
[Round "3.13"]
[White "Gutenev, Alexander"]
[Black "Afanasiev, Nikita"]
[Result "0-1"]
[WhiteElo "2455"]
[BlackElo "2560"]
[Annotator "ChessBase"]
[PlyCount "90"]
[EventDate "2021.10.11"]
[EventType "blitz"]
[EventCountry "RUS"]
[SourceTitle "playchess.com"]
[Source "ChessBase"]
[SourceQuality "1"]
[TimeControl "180+2"]

1. e4 {[%emt 0:00:00]} g6 {[%emt 0:00:04]} 2. d4 {[%emt 0:00:03]} Bg7 {[%emt 0:
00:03]} 3. Nf3 {[%emt 0:00:00]} a6 {[%emt 0:00:00]} 4. a4 {[%emt 0:00:00]} d6 {
[%emt 0:00:01]} 5. Be2 {[%emt 0:00:08]} b6 {[%emt 0:00:00]} 6. O-O {[%emt 0:00:
03]} e6 {[%emt 0:00:02]} 7. Nc3 {[%emt 0:00:09]} Nd7 {[%emt 0:00:01]} 8. h3 {
[%emt 0:00:08]} Ne7 {[%emt 0:00:08]} 9. Be3 {[%emt 0:00:21]} Bb7 {[%emt 0:00:
02]} 10. Qd2 {[%emt 0:00:03]} h6 {[%emt 0:00:00]} 11. Rfe1 {[%emt 0:00:04]} Nf6
{[%emt 0:00:08]} 12. Bd3 {[%emt 0:00:04]} d5 {[%emt 0:00:00]} 13. Bf4 {[%emt 0:
00:17]} c5 {[%emt 0:00:39]} 14. dxc5 {[%emt 0:00:28]} bxc5 {[%emt 0:00:09]} 15.
exd5 {[%emt 0:00:00]} Nexd5 {[%emt 0:00:29]} 16. Be5 {[%emt 0:00:21]} O-O {
[%emt 0:00:09]} 17. Nxd5 {[%emt 0:00:01]} exd5 {[%emt 0:00:24]} 18. Qf4 {
[%emt 0:00:37]} Re8 {[%emt 0:00:13]} 19. Rad1 {[%emt 0:00:18]} Qb6 {[%emt 0:00:
11]} 20. b3 {[%emt 0:00:09]} Qc6 {[%emt 0:00:18]} 21. Bf1 {[%emt 0:00:07]} Rad8
{[%emt 0:00:10]} 22. Bc7 {[%emt 0:00:03]} Rc8 {[%emt 0:00:15]} 23. Be5 {
[%emt 0:00:06]} Re6 {[%emt 0:00:04]} 24. Ba1 {[%emt 0:00:10]} Rce8 {[%emt 0:00:
11]} 25. Rxe6 {[%emt 0:00:00]} Rxe6 {[%emt 0:00:00]} 26. Re1 {[%emt 0:00:00]}
Rxe1 {[%emt 0:00:06]} 27. Nxe1 {[%emt 0:00:00]} d4 {[%emt 0:00:03]} 28. Nd3 {
[%emt 0:00:06]} Nd5 {[%emt 0:00:04]} 29. Qf3 {[%emt 0:00:07]} Bc8 {[%emt 0:00:
04]} 30. Bb2 {[%emt 0:00:00]} Qd6 {[%emt 0:00:02]} 31. Ba3 {[%emt 0:00:00]} Nb4
{[%emt 0:00:00]} 32. Bxb4 {[%emt 0:00:00]} cxb4 {[%emt 0:00:04]} 33. Qa8 {
[%emt 0:00:02]} Qc7 {[%emt 0:00:02]} 34. Nxb4 {[%emt 0:00:02]} Kh7 {[%emt 0:00:
00]} 35. Bxa6 {[%emt 0:00:07]} Be6 {[%emt 0:00:01]} 36. Bd3 {[%emt 0:00:06]}
Qc3 {[%emt 0:00:00]} 37. Nc6 {[%emt 0:00:04]} Bd5 {[%emt 0:00:01]} 38. Bb5 {
[%emt 0:00:02]} Qe1+ {[%emt 0:00:00]} 39. Bf1 {[%emt 0:00:00]} d3 {[%emt 0:00:
06]} 40. cxd3 {[%emt 0:00:03]} Bd4 {[%emt 0:00:00]} 41. Qd8 {[%emt 0:00:00]}
Qxf2+ {[%emt 0:00:02]} 42. Kh2 {[%emt 0:00:02]} Bxc6 {[%emt 0:00:00]} 43. Qc7 {
[%emt 0:00:04]} Bd5 {[%emt 0:00:00]} 44. Qd7 {[%emt 0:00:01]} Be6 {[%emt 0:00:
05]} 45. Qd6 {[%emt 0:00:03]} Be3 {[%emt 0:00:00]} 0-1